Property advisers (Record no. 81958)
[ view plain ]
| 000 -LEADER | |
|---|---|
| fixed length control field | 01119cab a22001935a 4500 |
| 001 - CONTROL NUMBER | |
| control field | L148784 |
| 008 - FIXED-LENGTH DATA ELEMENTS--GENERAL INFORMATION | |
| fixed length control field | 091109s2009 xxkd f 000 0 eng d |
| 035 ## - SYSTEM CONTROL NUMBER | |
| System control number | (Sirsi) u148784 |
| 041 0# - LANGUAGE CODE | |
| Language code of text/sound track or separate title | eng |
| 110 2# - MAIN ENTRY--CORPORATE NAME | |
| Corporate name or jurisdiction name as entry element | Asia Property |
| 9 (RLIN) | 5589 |
| 245 00 - TITLE STATEMENT | |
| Title | Property advisers |
| Remainder of title | part two |
| 260 ## - PUBLICATION, DISTRIBUTION, ETC. | |
| Date of publication, distribution, etc. | 2009 |
| 490 #0 - SERIES STATEMENT | |
| Series statement | Asia Property |
| Volume/sequential designation | October 2009, 16-17(2) |
| 520 ## - SUMMARY, ETC. | |
| Summary, etc. | How CBRE, DTZ and Cushman and Wakefield are positioned in Asia is examined in Part Two of a survey of the major property advisers in the region (see also Part One L148585). CBRE is the largest property adviser in the Asia Pacific region in terms of revenues. DTZ has had the toughest time of all the global advisers over the last 18 months but its Asia Pacific business remains a jewel in its crown and is earmarked for expansion. Cushman and Wakefield is the smallest of the global players active in the region where it aims to expand. Table provides key financial data for the big seven property advisers covered in the survey. |
| 590 ## - LOCAL NOTE (RLIN) | |
| Local note | KA |
| 651 #4 - SUBJECT ADDED ENTRY--GEOGRAPHIC NAME | |
| Geographic name | Asia Pacific |
| 690 ## - LOCAL SUBJECT ADDED ENTRY--TOPICAL TERM (OCLC, RLIN) | |
| Topical term or geographic name as entry element | PROPERTY-COMMERCIAL PROPERTY-COMMERCIAL PROPERTY MARKET |
| 942 ## - ADDED ENTRY ELEMENTS (KOHA) | |
| Suppress in OPAC | 0 |
| Withdrawn status | Lost status | Source of classification or shelving scheme | Damaged status | Not for loan | Home library | Current library | Shelving location | Date acquired | Total Checkouts | Full call number | Barcode | Date last seen | Copy number | Price effective from | Koha item type |
|---|---|---|---|---|---|---|---|---|---|---|---|---|---|---|---|
| Dewey Decimal Classification | London | London | Journal article | 09/11/2009 | L148784 | 148784-1001 | 06/08/2019 | 1 | 06/08/2019 | Journal article |